000 01344nam a2200313 c 4500
001 000031387
003 DO-SdBNP
005 20240409073643.0
006 a||||gr|||| 00| 0
007 ta
008 110331t1945 dr ac 001 0bspa d
040 _aDO-SdBNP
_bspa
_cBNPHU
_erda
082 4 _a923.17293
_bT866n, 1945
_222
100 1 _aNanita, Abelardo R.
_945855
_eautor
245 1 0 _aTrujillo /
_cAbelardo R. Nanita.
250 _a4a edición revisada. y aumentada
264 _aSantiago, República Dominicana :
_bEditorial El Diario,
_c[1945].
300 _a151 páginas :
_bIlustraciones, retratos. ;
_c20 cm.
336 _2rdacontent
_atexto
_btxt
337 _2rdamedia
_asin mediación
_bn
338 _2rdacarreir
_avolumen
_bnc
500 _aAbelardo R. Nanita, senador de la República, ex Presidente de la Cámara de Diputados, ex Secretario de Estado, etc.
500 _aIncluye bibliografía y notas al pie de páginas.
505 _aPrefacio.
_gPrimera Parte.
_tEl Hombre.--
_gSegunda Parte.
_tEs Estadista.--
_gApéndice I:
_tCarta del autor el Prof. Luis C. del Castillo.--
_gApéndice II:
_tMensaje del Honorable Presidente Dr. Troncoso de la Concha.
590 _aInventariado 2024 / MF
600 1 0 _aTrujillo Molina, Rafael Leónidas,
_d 1891-1961
_976764
910 _aValidado. Control de calidad EMS.
942 _2ddc
_cLBS1
999 _c30879
_d30879